[Event "Titled Tuesday intern op 10th Jan Early"]
[Site "Chess.com INT"]
[Date "2023.01.10"]
[Round "9"]
[White "Lehtosaari, Mauri"]
[Black "Wilson, Elvin"]
[Result "1-0"]
[WhiteElo "2188"]
[BlackElo "2183"]
[PlyCount "163"]
[EventDate "2023.01.10"]
[EventType "swiss (blitz)"]
[EventRounds "11"]
[EventCountry "USA"]
[SourceTitle "EXT 2024"]
[Source "ChessBase"]
[SourceDate "2023.10.10"]
[SourceVersion "1"]
[SourceVersionDate "2023.10.10"]
[SourceQuality "1"]

1. d4 Nf6 2. Nf3 e6 3. Bg5 d5 4. Nbd2 Be7 5. e3 b6 6. Ne5 Bb7 7. Bd3 a6 8. 0-0 Nbd7 9. f4 c5 10. c3 Ne4 11. Bxe7 Qxe7 12. Nxd7 Qxd7 13. Nf3 f6 14. Qe2 c4 15. Bxe4 dxe4 16. Nd2 b5 17. a4 0-0 18. Qh5 f5 19. g4 Bd5 20. Rf2 bxa4 21. Rg2 Rab8 22. gxf5 Rxf5 23. Qg4 Rxb2 24. Rxa4 Rxd2 25. Rxa6 Rxg2+ 26. Kxg2 h6 27. Rb6 Kh7 28. h4 Qf7 29. Kg3 Rf6 30. h5 Rf5 31. Kh4 Qf6+ 32. Kg3 Qd8 33. Rb1 Qe8 34. Kh3 Qxh5+ 35. Kg3 Qxg4+ 36. Kxg4 Kg6 37. Rb8 Kf6 38. Rf8+ Ke7 39. Rg8 Kf7 40. Rc8 h5+ 41. Kh4 g6 42. Rc7+ Ke8 43. Rc8+ Kd7 44. Rg8 Rf6 45. Kg5 Rf5+ 46. Kh4 Rf6 47. Kg5 Ke7 48. Rg7+ Rf7 49. Rxg6 Rh7 50. Kh4 Kf7 51. Rg5 Kf6 52. Rg8 Kf7 53. Rg5 Rg7 54. Rxh5 Rg1 55. Rh7+ Kg6 56. Ra7 Rh1+ 57. Kg4 Rc1 58. f5+ exf5+ 59. Kf4 Rxc3 60. Ra6+ Kg7 61. Ke5 Bf7 62. Kxf5 Rxe3 63. Kf4 Rd3 64. Kxe4 Rd1 65. Rc6 Kf8 66. Ke5 Ke7 67. Rc7+ Kf8 68. Kf6 Rf1+ 69. Ke5 Re1+ 70. Kf6 Rf1+ 71. Ke5 Rf2 72. d5 Re2+ 73. Kf6 Rf2+ 74. Ke5 Rd2 75. d6 Rd5+ 76. Kf6 Rxd6+ 77. Ke5 Rd3 78. Ke4 Rd1 79. Ke5 Kg7 80. Ke4 Re1+ 81. Kf3 Kf6 82. Kf2 1-0

[Event "Titled Tuesday intern op 10th Jan Early"]
[Site "Chess.com INT"]
[Date "2023.01.10"]
[Round "4"]
[White "Wilson, Elvin"]
[Black "Reprintsev, Alexander"]
[Result "1-0"]
[WhiteElo "2183"]
[BlackElo "2298"]
[PlyCount "117"]
[EventDate "2023.01.10"]
[EventType "swiss (blitz)"]
[EventRounds "11"]
[EventCountry "USA"]
[SourceTitle "EXT 2024"]
[Source "ChessBase"]
[SourceDate "2023.10.10"]
[SourceVersion "1"]
[SourceVersionDate "2023.10.10"]
[SourceQuality "1"]

1. c4 e5 2. Nc3 Nc6 3. g3 Bc5 4. Bg2 Nf6 5. Nf3 d6 6. 0-0 Bf5 7. d3 Qd7 8. a3 Bh3 9. b4 Bd4 10. Bb2 h5 11. e3 Bxc3 12. Bxc3 Bxg2 13. Kxg2 h4 14. b5 hxg3 15. fxg3 Qh3+ 16. Kg1 Ne7 17. Qe2 Ng4 18. Rae1 f6 19. Qg2 Qh6 20. Bd2 Qg6 21. e4 0-0-0 22. Nh4 Qf7 23. a4 Kb8 24. a5 g5 25. Nf3 Rh7 26. Nxg5 fxg5 27. Rxf7 Rxf7 28. Rf1 Rh7 29. h3 Nh6 30. Bxg5 Rdh8 31. Rf3 Nc8 32. Bxh6 Rxh6 33. g4 a6 34. g5 Rg6 35. Rf6 Rg7 36. Qg4 axb5 37. cxb5 Ne7 38. h4 Ng6 39. h5 Nf4 40. h6 Rgh7 41. b6 Nxd3 42. bxc7+ Rxc7 43. Qf3 Rc1+ 44. Kh2 Nf4 45. Rxf4 exf4 46. Qxf4 Rc2+ 47. Kg3 Rhc8 48. Qxd6+ Ka8 49. h7 R8c3+ 50. Kf4 Rf2+ 51. Ke5 Rh3 52. g6 Rfh2 53. Qd8+ Ka7 54. Qb6+ Ka8 55. a6 bxa6 56. Qxa6+ Kb8 57. Qb6+ Kc8 58. g7 Rh5+ 59. Kd4 1-0